Statistics for the stupendium - vault number 76 lyrics (part 1)

Click here to take the quiz!

General Stats

  • This quiz has been taken 3 times
  • The average score is 291 of 484

Answer Stats

Answer% Correct
76?
100%
76
100%
76!
100%
a
100%
A
100%
America
100%
an
100%
and
100%
be
100%
bliss?
100%
can
100%
chips
100%
Did
100%
Do
100%
do
100%
ever
100%
fixed?
100%
heaven
100%
I
100%
me
100%
number
100%
that
100%
the
100%
think
100%
this
100%
vault
100%
Vault
100%
When
100%
world
100%
You
100%
you
100%
ancient
67%
Are
67%
Aw,
67%
awe?
67%
BLAM! BLAM!
67%
Blamco,
67%
BLAMMO!
67%
bright
67%
brilliant
67%
buried?
67%
but
67%
But
67%
celebration
67%
celery
67%
Country
67%
country
67%
dips
67%
doin'
67%
don't
67%
Dust
67%
exist?
67%
Feels
67%
fine
67%
fire,
67%
for
67%
forever
67%
future,
67%
heavenly
67%
Hi,
67%
hoping
67%
house
67%
How
67%
I'll
67%
is
67%
Is
67%
it
67%
Joe!
67%
just
67%
life
67%
like
67%
my
67%
new
67%
Of
67%
of
67%
off
67%
on
67%
out
67%
Reclamation!
67%
Rehydrate
67%
road,
67%
rubble
67%
selection
67%
set
67%
Shine
67%
stepped
67%
sticks
67%
those
67%
to
67%
To
67%
today?
67%
Vault-Tec
67%
waited
67%
want
67%
we
67%
we're
67%
were
67%
Were
67%
we've
67%
We've
67%
what
67%
where
67%
will
67%
your
67%
Add
33%
after
33%
air
33%
all
33%
Alright!
33%
Apples
33%
as
33%
at
33%
away
33%
bad
33%
barbeque
33%
been
33%
beneath
33%
better
33%
bones
33%
bricks
33%
Build
33%
build
33%
carcass,
33%
cataclysm?
33%
cause
33%
Cause
33%
certain
33%
citizens
33%
civilians,
33%
conditioned!
33%
could've
33%
crater
33%
Dandy
33%
danger
33%
dawning
33%
Day
33%
day
33%
death
33%
decades,
33%
decay
33%
decision
33%
decorum
33%
dedication
33%
Deep
33%
devastation
33%
ditty
33%
friendlier
33%
time
33%
down
33%
dweller
33%
envisioned,
33%
Every
33%
every
33%
everything
33%
exploring
33%
fate
33%
faults,
33%
fella
33%
fellow
33%
few
33%
flying
33%
forgive
33%
frayed
33%
from
33%
gate
33%
generations
33%
get
33%
given!
33%
glare
33%
glows
33%
gonna
33%
Got
33%
gotta
33%
green
33%
halls
33%
hand
33%
have
33%
haven,
33%
haven't
33%
headed
33%
Hear
33%
home,
33%
hour
33%
hovel
33%
If
33%
if
33%
I'm
33%
in
33%
irradiate
33%
It's
33%
it's
33%
its
33%
jeez!
33%
joining
33%
keep
33%
killing
33%
land,
33%
last
33%
left
33%
level
33%
little
33%
living
33%
locked
33%
lost
33%
make
33%
making
33%
man
33%
may
33%
May!
33%
maybe
33%
meet
33%
middle
33%
millennia
33%
mission
33%
mutants
33%
nation
33%
neighbors
33%
not
33%
Now
33%
now's
33%
Okay!
33%
open
33%
optimist,
33%
ought
33%
packed
33%
participation
33%
party
33%
pave
33%
place
33%
playful
33%
preparations
33%
Preservation
33%
pretty
33%
provisions
33%
prudent
33%
quick!
33%
reverie
33%
rowdy
33%
safe
33%
satchel
33%
save
33%
scared
33%
seen
33%
selected
33%
send
33%
shoes,
33%
silly
33%
since
33%
Sitting
33%
so
33%
So,
33%
So
33%
some
33%
stayed
33%
surface
33%
Sweep
33%
take
33%
tensions
33%
there,
33%
thinking
33%
thought
33%
Today's
33%
tone
33%
Transmitting
33%
traps
33%
using
33%
vicious
33%
villain
33%
Virginia's
33%
wanna
33%
was
33%
wastes
33%
waves
33%
way
33%
way!
33%
Well,
33%
went
33%
what's
33%
while
33%
wilderness
33%
with
33%
won't
33%
you'd
33%
you've
33%
zone
33%

Score Distribution

Percentile by Number Answered

Percent of People with Each Score

Your Score History

You have not taken this quiz